Evaluación y exclusión en la enseñanza universitaria
| المؤلف الرئيسي: | |
|---|---|
| التنسيق: | كتاب |
| اللغة: | الإسبانية |
| منشور في: |
México :
Paidós,
2001
|
| الموضوعات: |
MARC
| LEADER | 00000nam a2200000Ia 4500 | ||
|---|---|---|---|
| 008 | 161020b2001 mx ||||| |||| 00| | spa d | ||
| 020 | |a 968853465x | ||
| 090 | |a 378.006 |b G553e | ||
| 100 | 1 | |a Glazman Nowalski, Raquel |9 2108 | |
| 245 | 1 | 0 | |a Evaluación y exclusión en la enseñanza universitaria |
| 260 | |a México : |b Paidós, |c 2001 | ||
| 300 | |a 191 páginas | ||
| 650 | 1 | 4 | |9 8 |a EDUCACIÓN SUPERIOR |
| 650 | 1 | 4 | |a EVALUACIÓN |9 287 |
| 942 | |i 505936 |h 378.006 G553e |2 z |c 01 | ||
| 999 | |c 432 |d 432 | ||
